000 00277nam a2200121Ia 4500
005 20251222141901.0
008 251222s9999||||xx |||||||||||||| ||spa||
020 _a978-9972-02-191-6
082 _a641.53/C76
245 0 _aComida Rica y Sana
264 _bComercio
942 _cLIB
999 _c8048
_d8048